000 00624nam a2200181Ia 4500
008 090630s9999 xx 000 0 und d
082 _b13937
100 _aतिबिले अनंत.
245 _aविडा रंगलाच नाही.
_cतिबिले अनंत.
260 _bश्रध्दा.
_c1992
300 _a207
600 _aतिबिले अनंत.
630 _aविडा रंगलाच नाही.
655 _aकादंबरी.
700 _aतिबिले अनंत.
730 _aविडा रंगलाच नाही.
942 _cBOOK
999 _c265793
_d265793